The red system (A2pi-X2sigma)of the CN molecule (Record no. 5691)

MARC details
000 -LEADER
fixed length control field 00590nam a2200181Ia 4500
003 - CONTROL NUMBER IDENTIFIER
control field IN-BaIIA
008 - FIXED-LENGTH DATA ELEMENTS--GENERAL INFORMATION
fixed length control field 211028s9999 xx 000 0 eng d
040 ## - CATALOGING SOURCE
Transcribing agency IIA Library
080 ## - UNIVERSAL DECIMAL CLASSIFICATION NUMBER
Universal Decimal Classification number 083:539.19
Item number DAV
100 ## - MAIN ENTRY--PERSONAL NAME
Personal name Davis, S. P.
9 (RLIN) 9866
245 #4 - TITLE STATEMENT
Title The red system (A2pi-X2sigma)of the CN molecule
Statement of responsibility, etc. S. P. Davis and J. G. Phillips
260 ## - PUBLICATION, DISTRIBUTION, ETC.
Place of publication, distribution, etc. Berkeley
Name of publisher, distributor, etc. University of California Press
Date of publication, distribution, etc. 1963
300 ## - PHYSICAL DESCRIPTION
Extent 214p.
650 ## - SUBJECT ADDED ENTRY--TOPICAL TERM
Topical term or geographic name entry element Cyanides - spectra
9 (RLIN) 9867
650 ## - SUBJECT ADDED ENTRY--TOPICAL TERM
Topical term or geographic name entry element Molecular spectra
9 (RLIN) 1778
700 ## - ADDED ENTRY--PERSONAL NAME
Personal name Phillips, J. G.
9 (RLIN) 9868
942 ## - ADDED ENTRY ELEMENTS (KOHA)
Koha item type Books
Holdings
Withdrawn status Lost status Damaged status Not for loan Home library Current library Shelving location Date acquired Total Checkouts Full call number Barcode Date last seen Date last checked out Price effective from Koha item type
        IIA Library-Bangalore IIA Library-Bangalore General Stacks 27/12/1977 1 083:539.19/ DAV 6366 13/04/2023 10/05/2022 27/12/1977 Books

Powered by Koha